000 00856nam a2200229 u 4500
001 000279986
003 AM-YeHGA
005 20250617125658.0
008 031105s1992 ai r 000 0 rus d
020 _a5283015475
040 _aAM-YeHGA
041 0 _arus
100 1 _aЧипулис, Валерий Павлович
245 1 0 _aАнализ и построение тестов цифровых программно-управляемых устройств /
_cВ.П. Чипулис, С.Г. Шаршунов.
260 _aМосква :
_bЭнергоатомиздат,
_c1992.
300 _a224 с.
_bил.
504 _aБиблиогр.: с. 219-223
650 1 4 _aЦифровые устройства
650 1 4 _aМикропроцессоры
700 1 _aШаршунов, Сергей Георгиевич
090 _c103681
999 _c102362
_d102362